Engineering Mechanics (Record no. 1155)

MARC details
000 -LEADER
fixed length control field 00413nam a22001697a 4500
005 - DATE AND TIME OF LATEST TRANSACTION
control field 20160520095300.0
008 - FIXED-LENGTH DATA ELEMENTS--GENERAL INFORMATION
fixed length control field 160520b xxu||||| |||| 00| 0 eng d
020 ## - INTERNATIONAL STANDARD BOOK NUMBER
ISBN 978-0-07-068181-1
041 ## - LANGUAGE CODE
Language code of text/sound track or separate title eng
082 ## - DEWEY DECIMAL CLASSIFICATION NUMBER
Item number 3366
100 ## - MAIN ENTRY--AUTHOR NAME
Personal name Kumar K.L. & Kumar Veenu
245 ## - TITLE STATEMENT
Title Engineering Mechanics
260 ## - PUBLICATION, DISTRIBUTION, ETC. (IMPRINT)
Place of publication New Delhi
Name of publisher TMH,
Year of publication 2011
300 ## - PHYSICAL DESCRIPTION
Number of Pages 675
650 ## - SUBJECT ADDED ENTRY--TOPICAL TERM
Topical Term DIPLOMA ENGINEERING
942 ## - ADDED ENTRY ELEMENTS (KOHA)
Koha item type Books
Holdings
Lost status Damaged status Home library Current library Shelving location Date acquired Cost, normal purchase price Full call number Accession Number Koha item type Collection code
    JRU Library   SHELF-49-H 20/05/2016 480.00 3366 3366 Books  
    JRU Library   SHELF-49-H 20/05/2016 480.00 3366 3367 Books  
    JRU Library JRU Library SHELF-58-F 20/05/2016 480.00 3366 3368 Books MINING
    JRU Library JRU Library SHELF-58-F 20/05/2016 480.00 3366 3369 Books MINING